Fifth five year plan, 1979-79 (Record no. 518844)
[ view plain ]
| 000 -LEADER | |
|---|---|
| fixed length control field | 00267nam a2200097 4500 |
| 082 ## - DEWEY DECIMAL CLASSIFICATION NUMBER | |
| Classification number | T000x54 In2/1974-79 |
| 100 ## - MAIN ENTRY--PERSONAL NAME | |
| Personal name | India. Planning Commission |
| 9 (RLIN) | 28830 |
| 245 ## - TITLE STATEMENT | |
| Title | Fifth five year plan, 1979-79 |
| 260 ## - PUBLICATION, DISTRIBUTION, ETC. (IMPRINT) | |
| Place of publication, distribution, etc | Delhi |
| Name of publisher, distributor, etc | Controller of Publications |
| Date of publication, distribution, etc | 1976 |
| 300 ## - PHYSICAL DESCRIPTION | |
| Extent | 162p. |
| Withdrawn status | Lost status | Source of classification or shelving scheme | Damaged status | Koha normalized classification for sorting | Not for loan | Permanent location | Current location | Date acquired | Full call number | Barcode | Date last seen | Price effective from | Koha item type |
|---|---|---|---|---|---|---|---|---|---|---|---|---|---|
| T_000X54_IN2_197479 | Indian Institute of Public Administration | Indian Institute of Public Administration | 2021-11-23 | T000x54 In2/1974-79 | gg34910 | 2021-11-23 | 2021-11-23 | GG |
